[Event "CAN-ch U08"]
[Site "Ottawa"]
[Date "2007.07.05"]
[Round "6"]
[White "Clavelle, Brendan"]
[Black "Moreno, David2222"]
[Result "1-0"]
[WhiteElo "1076"]
[BlackElo "1273"]
[PlyCount "121"]
[EventDate "2007.07.03"]
[EventType "swiss"]
[EventRounds "7"]
[EventCountry "CAN"]
[SourceTitle "EXT 2022"]
[Source "ChessBase"]
[SourceDate "2021.10.06"]
[SourceVersion "1"]
[SourceVersionDate "2021.10.06"]
[SourceQuality "1"]

1. e4 e5 2. Nf3 Nc6 3. Bc4 Bc5 4. b4 Bxb4 5. c3 Bc5 6. d4 exd4 7. cxd4 d6 8. dxc5 dxc5 9. Qb3 Na5 10. Bxf7+ Kf8 11. Qa4 b6 12. Bg5 Nf6 13. Ne5 Bd7 14. Nxd7+ Kxf7 15. Ne5+ Kf8 16. 0-0 Qe7 17. Bxf6 Qd6 18. Rd1 Qe6 19. Rd7 Qxf6 20. Rf7+ Qxf7 21. Nxf7 Kxf7 22. Qd7+ Kf8 23. Qxc7 Ke8 24. Na3 Rf8 25. Rd1 Rf7 26. Qd6 Rf6 27. Qd7+ Kf8 28. e5 Rf7 29. Qd5 Re8 30. e6 Rfe7 31. Qf5+ Kg8 32. Nb5 Rf8 33. Qg4 Rf6 34. Re1 g6 35. Nc7 h5 36. Qg5 Kg7 37. Nd5 Rfxe6 38. Rxe6 Rxe6 39. h3 Nc6 40. Nf4 Re5 41. Qxg6+ Kf8 42. Qxc6 Kf7 43. Qg6+ Ke7 44. Qg7+ Kd6 45. Nd3 Re6 46. Qg5 Kd7 47. Nf4 Rd6 48. Qxh5 a5 49. Qf7+ Kc6 50. Ne6 c4 51. Qc7+ Kd5 52. Nf4+ Ke5 53. Qxc4 Rf6 54. g3 Kd6 55. Qd5+ Ke7 56. Qe5+ Kf7 57. Nd5 Re6 58. Qf5+ Ke8 59. Qxe6+ Kd8 60. Qe7+ Kc8 61. Qc7# 1-0